000 nam a22 7a 4500
999 _c9954
_d9954
008 180209b ||||| |||| 00| 0 eng d
100 _aLok Sabha Secretarist
_96010
245 _aDictionary of Constitutional&Parlimentary Terms
260 _aNew Delhi
_bLok Sabha
_c2005